00310nam a22001217a 4500008004100000082001000041100002000051245004500071260002900116270002700145300001000172490000600182230822b ||||| |||| 00| 0 eng d aS-SIN aSinha, Sarojini aA Pinch of Salt Rocks an EmpirehEnglish aDelhibA.I.C.B. cRohini aA.I.C.B. Rohini, Delhi a12x13 v1